[Event "TMH"]
[Site "?"]
[Date "2021.12.18"]
[Round "2.10"]
[White "Farias, David"]
[Black "Sarabando, Rodrigo"]
[Result "1/2-1/2"]
[BlackElo "1871"]
[WhiteElo "1827"]
[LiveChessVersion "1.4.8"]

1. e4 c5 2. Nf3 e6 3. d4 cxd4 4. Nxd4 a6 5. Bd3 Nf6 6. O-O d6 7. c4 Be7 8. Nc3
O-O 9. Qe2 b6 10. f4 Bb7 11. Rb1 Nbd7 12. b4 Qc7 13. Bd2 Rac8 14. h3 Ne8 15. Rbc1
g6 16. f5 Ng7 17. fxe6 Nxe6 18. Nxe6 fxe6 19. Qg4 Rxf1+ 20. Rxf1 Ne5 21. Qxe6+
Kg7 22. Be2 Re8 23. Nd5 Qd8 24. Bc3 Bc8 25. Rf7+ Kg8 26. Nxe7+ Rxe7 27. Qxe7 Nxf7
28. Qxd8+ Nxd8 29. Bd4 Nc6 30. Bc3 Kf7 31. Kf2 Be6 32. a3 Ke7 33. Ke3 Ne5 34. Kd4
Nc6+ 35. Ke3 Ne5 36. Bxe5 dxe5 37. a4 Kd6 38. c5+ bxc5 39. bxc5+ Kxc5 40. Bxa6
Bd7 1/2-1/2

[Event "TMH"]
[Site "?"]
[Date "2021.12.19"]
[Round "3.6"]
[White "Sarabando, Rodrigo"]
[Black "Sousa, Nuno"]
[Result "1-0"]
[BlackElo "1747"]
[WhiteElo "1871"]
[LiveChessVersion "1.4.8"]

1. d4 {[%clk 1:29:55]} Nf6 {[%clk 1:30:56]} 2. c4 {[%clk 1:30:18]} g6
{[%clk 1:31:19]} 3. Nc3 {[%clk 1:30:43]} Bg7 {[%clk 1:31:45]} 4. e4
{[%clk 1:31:09]} d6 {[%clk 1:32:11]} 5. Nf3 {[%clk 1:31:36]} O-O {[%clk 1:32:18]}
6. Be2 {[%clk 1:32:02]} Nbd7 {[%clk 1:22:37]} 7. O-O {[%clk 1:32:13]} c6
{[%clk 1:22:48]} 8. h3 {[%clk 1:30:05]} e5 {[%clk 1:23:07]} 9. Be3
{[%clk 1:29:58]} Re8 {[%clk 1:19:09]} 10. Qc2 {[%clk 1:29:40]} exd4
{[%clk 1:15:37]} 11. Nxd4 {[%clk 1:29:33]} Nc5 {[%clk 1:15:43]} 12. f3
{[%clk 1:28:38]} Nh5 {[%clk 1:12:03]} 13. Rfd1 {[%clk 1:27:16]} Qe7
{[%clk 1:08:48]} 14. b4 {[%clk 1:21:53]} Ne6 {[%clk 1:08:00]} 15. Qd2
{[%clk 1:21:12]} Ng3 {[%clk 1:03:43]} 16. Rac1 {[%clk 1:18:33]} Nxe2+
{[%clk 1:02:29]} 17. Ncxe2 {[%clk 1:18:40]} d5 {[%clk 0:54:34]} 18. cxd5
{[%clk 1:10:32]} cxd5 {[%clk 0:54:43]} 19. Nc3 {[%clk 1:10:03]} Nxd4
{[%clk 0:52:08]} 20. Bxd4 {[%clk 1:10:11]} Qxb4 {[%clk 0:47:26]} 21. Nxd5
{[%clk 1:02:33]} Qxd4+ {[%clk 0:47:21]} 22. Qxd4 {[%clk 1:02:56]} Bxd4+
{[%clk 0:47:44]} 23. Rxd4 {[%clk 1:03:18]} Rf8 {[%clk 0:47:08]} 24. Rc7
{[%clk 1:03:12]} Rb8 {[%clk 0:46:06]} 25. Rb4 {[%clk 1:02:35]} Kg7
{[%clk 0:42:24]} 26. a3 {[%clk 1:00:14]} Rd8 {[%clk 0:40:49]} 27. Ne7
{[%clk 0:59:33]} Be6 {[%clk 0:36:55]} 28. Rbxb7 {[%clk 0:58:32]} Rd1+
{[%clk 0:36:08]} 29. Kf2 {[%clk 0:58:26]} Rbd8 {[%clk 0:35:25]} 30. Nd5
{[%clk 0:57:53]} h5 {[%clk 0:33:08]} 31. h4 {[%clk 0:56:57]} a5 {[%clk 0:32:42]}
32. Nf4 {[%clk 0:56:49]} Kf6 {[%clk 0:29:06]} 33. Nxe6 {[%clk 0:55:58]} fxe6
{[%clk 0:29:25]} 34. Rf7+ {[%clk 0:56:12]} Ke5 {[%clk 0:29:42]} 35. Rb5+
{[%clk 0:56:40]} Kd6 {[%clk 0:28:58]} 36. Rxa5 {[%clk 0:56:58]} Rb8
{[%clk 0:29:07]} 37. e5+ {[%clk 0:55:27]} Kc6 {[%clk 0:29:23]} 38. Ra6+
{[%clk 0:55:50]} Kc5 {[%clk 0:26:12]} 39. Rc7+ {[%clk 0:56:10]} Kd5 1-0

[Event "TMH"]
[Site "?"]
[Date "2021.12.19"]
[Round "3.7"]
[White "Valente, Sofia"]
[Black "Farias, David"]
[Result "0-1"]
[BlackElo "1827"]
[WhiteElo "1262"]
[LiveChessVersion "1.4.8"]

1. d4 Nf6 2. c4 e6 3. Nc3 Bb4 4. Qc2 O-O 5. Bg5 h6 6. Bh4 d5 7. cxd5 exd5 8. e3
{[%clk 1:25:27]} c5 {[%clk 1:16:54]} 9. dxc5 {[%clk 1:23:01]} Nbd7
{[%clk 1:10:48]} 10. a3 {[%clk 1:18:01]} Bxc3+ {[%clk 1:11:09]} 11. Qxc3
{[%clk 1:15:59]} g5 {[%clk 1:10:55]} 12. Bg3 {[%clk 1:15:32]} Ne4
{[%clk 1:10:39]} 13. Qc2 {[%clk 1:14:44]} Ndxc5 {[%clk 1:05:25]} 14. f3
{[%clk 1:03:06]} Nxg3 {[%clk 1:02:15]} 15. hxg3 {[%clk 1:01:26]} Qd6
{[%clk 0:59:13]} 16. Kf2 {[%clk 0:56:35]} Bd7 {[%clk 0:56:07]} 17. Nh3
{[%clk 0:53:24]} Rac8 {[%clk 0:53:11]} 18. Qb1 {[%clk 0:52:02]} Qf6
{[%clk 0:51:45]} 19. Kg1 {[%clk 0:46:07]} Nb3 {[%clk 0:49:19]} 20. Ra2
{[%clk 0:43:46]} Nc1 {[%clk 0:46:32]} 21. Ra1 {[%clk 0:39:56]} Bf5
{[%clk 0:43:35]} 22. e4 {[%clk 0:40:14]} dxe4 {[%clk 0:41:49]} 23. fxe4
{[%clk 0:40:03]} Qd4+ {[%clk 0:40:57]} 24. Nf2 {[%clk 0:39:41]} Bg6
{[%clk 0:39:47]} 25. b3 {[%clk 0:34:33]} b5 {[%clk 0:31:10]} 26. b4
{[%clk 0:31:48]} Rfd8 {[%clk 0:24:59]} 27. a4 {[%clk 0:31:08]} Rd6
{[%clk 0:20:49]} 28. axb5 {[%clk 0:30:39]} Rf6 {[%clk 0:20:21]} 0-1

[Event "TMH"]
[Site "?"]
[Date "2021.12.19"]
[Round "3.8"]
[White "Marinho, Antonio"]
[Black "Andrade, Ricardo"]
[Result "1/2-1/2"]
[BlackElo "1816"]
[WhiteElo "1626"]
[LiveChessVersion "1.4.8"]

1. e4 {[%clk 1:29:03]} e6 {[%clk 1:30:52]} 2. d4 {[%clk 1:29:28]} d5
{[%clk 1:31:19]} 3. Nc3 {[%clk 1:29:51]} dxe4 {[%clk 1:31:33]} 4. Nxe4
{[%clk 1:30:15]} Nd7 {[%clk 1:32:00]} 5. Nf3 {[%clk 1:30:24]} Ngf6
{[%clk 1:32:25]} 6. Bg5 {[%clk 1:30:41]} h6 {[%clk 1:32:34]} 7. Bxf6
{[%clk 1:29:36]} Nxf6 {[%clk 1:32:56]} 8. Bd3 {[%clk 1:29:54]} c5
{[%clk 1:28:52]} 9. Nxf6+ {[%clk 1:21:25]} gxf6 {[%clk 1:26:45]} 10. dxc5
{[%clk 1:21:08]} Bxc5 {[%clk 1:26:58]} 11. Bb5+ {[%clk 1:21:29]} Ke7
{[%clk 1:26:06]} 12. O-O {[%clk 1:16:40]} Qxd1 {[%clk 1:25:13]} 13. Raxd1
{[%clk 1:16:59]} a6 {[%clk 1:25:37]} 14. Bd3 {[%clk 1:17:09]} b5 {[%clk 1:20:28]}
15. Be4 {[%clk 1:17:17]} Rb8 {[%clk 1:20:35]} 16. Rfe1 {[%clk 1:17:34]} Bb7
{[%clk 1:19:08]} 17. Nd4 {[%clk 1:17:01]} Bxe4 {[%clk 1:17:10]} 18. Rxe4
{[%clk 1:17:20]} Rbc8 {[%clk 1:15:47]} 19. c3 {[%clk 1:14:35]} Rhd8
{[%clk 1:12:58]} 20. Kf1 {[%clk 1:12:09]} Kf8 {[%clk 1:07:56]} 21. Rd2
{[%clk 1:09:07]} e5 {[%clk 0:53:17]} 22. Nf3 {[%clk 1:08:36]} Rxd2
{[%clk 0:53:36]} 23. Nxd2 {[%clk 1:09:00]} Rd8 {[%clk 0:53:56]} 24. Nb3
{[%clk 1:08:53]} Bb6 {[%clk 0:53:53]} 25. Ke2 {[%clk 1:08:28]} Rd6
{[%clk 0:50:06]} 26. c4 {[%clk 1:05:38]} bxc4 {[%clk 0:39:43]} 27. Rxc4
{[%clk 1:05:59]} Ke7 {[%clk 0:38:54]} 28. Rc2 {[%clk 1:05:56]} f5
{[%clk 0:38:05]} 29. Nd2 {[%clk 1:06:08]} Rg6 {[%clk 0:37:38]} 30. Nc4
{[%clk 1:05:28]} Bd4 {[%clk 0:37:01]} 31. Kf1 {[%clk 1:04:38]} f4
{[%clk 0:30:39]} 32. b3 {[%clk 1:04:43]} f5 {[%clk 0:30:54]} 33. Na5
{[%clk 1:04:56]} Kd7 {[%clk 0:30:24]} 34. Rd2 {[%clk 1:04:25]} Kc7
{[%clk 0:27:52]} 35. Nc4 {[%clk 1:04:40]} Rg8 {[%clk 0:25:13]} 36. Rd3
{[%clk 1:03:31]} Rg6 {[%clk 0:24:05]} 37. Nd2 {[%clk 0:59:27]} Rc6
{[%clk 0:23:45]} 38. Nc4 {[%clk 0:59:43]} Rg6 {[%clk 0:21:57]} 39. Rd2
{[%clk 0:59:20]} Rg8 {[%clk 0:18:23]} 40. Rc2 {[%clk 0:57:41]} Kd7
{[%clk 0:17:41]} 41. Nd2 {[%clk 0:50:53]} e4 {[%clk 0:17:28]} 42. Nxe4
{[%clk 0:50:34]} fxe4 {[%clk 0:17:33]} 43. Rd2 {[%clk 0:50:57]} Ke6
{[%clk 0:17:40]} 44. Rxd4 {[%clk 0:51:19]} Ke5 {[%clk 0:18:04]} 45. Rc4
{[%clk 0:50:47]} Rg6 {[%clk 0:17:50]} 46. Rc5+ {[%clk 0:50:27]} Kd4
{[%clk 0:17:46]} 47. Rc4+ {[%clk 0:48:38]} Kd3 {[%clk 0:17:11]} 48. Rc8
{[%clk 0:47:18]} Rd6 {[%clk 0:16:59]} 49. Ke1 {[%clk 0:46:14]} e3
{[%clk 0:16:05]} 50. Rc4 {[%clk 0:38:23]} Rg6 {[%clk 0:11:16]} 51. g3
{[%clk 0:33:27]} exf2+ {[%clk 0:05:45]} 52. Kxf2 {[%clk 0:33:47]} fxg3+
{[%clk 0:05:28]} 53. hxg3 {[%clk 0:34:09]} Re6 {[%clk 0:05:04]} 54. Kf3
{[%clk 0:34:30]} Re3+ {[%clk 0:04:45]} 55. Kf4 {[%clk 0:34:27]} Re2
{[%clk 0:05:11]} 56. Ra4 {[%clk 0:34:23]} Re6 {[%clk 0:03:30]} 57. Kf5
{[%clk 0:34:39]} Rc6 {[%clk 0:03:45]} 58. g4 {[%clk 0:34:26]} Rb6
{[%clk 0:04:07]} 59. Ra5 {[%clk 0:33:21]} Kc3 60. Re5 {[%clk 0:32:37]} Kb2
{[%clk 0:04:00]} 61. Ra5 {[%clk 0:29:43]} Kc3 {[%clk 0:04:21]} 62. Ra4
{[%clk 0:29:57]} Kb2 {[%clk 0:03:49]} 63. Ke5 {[%clk 0:29:55]} Kc3
{[%clk 0:04:06]} 64. Kd5 {[%clk 0:29:40]} Rg6 {[%clk 0:04:03]} 65. Kc5
{[%clk 0:29:57]} Re6 {[%clk 0:03:32]} 66. Rf4 {[%clk 0:25:38]} Kb2
{[%clk 0:03:35]} 67. Rf2+ {[%clk 0:24:13]} Ka3 {[%clk 0:03:49]} 68. Kd5
{[%clk 0:22:36]} Rg6 {[%clk 0:04:05]} 69. Rg2 {[%clk 0:22:47]} Rb6
{[%clk 0:04:25]} 70. Kc5 {[%clk 0:22:17]} Rg6 {[%clk 0:04:49]} 71. Kc4
{[%clk 0:20:32]} Rc6+ {[%clk 0:04:37]} 72. Kd5 {[%clk 0:20:38]} Rg6
{[%clk 0:05:00]} 73. Kc5 {[%clk 0:19:23]} Re6 {[%clk 0:03:19]} 74. b4
{[%clk 0:19:30]} Re5+ {[%clk 0:03:02]} 75. Kb6 {[%clk 0:19:48]} Re6+
{[%clk 0:03:19]} 76. Ka5 {[%clk 0:19:45]} Rg6 {[%clk 0:03:42]} 77. b5
{[%clk 0:19:57]} axb5 {[%clk 0:03:54]} 78. Kxb5 {[%clk 0:20:19]} Rg5+
{[%clk 0:04:18]} 79. Kc6 {[%clk 0:20:36]} h5 {[%clk 0:04:44]} 80. Kd6
{[%clk 0:19:43]} Rxg4 {[%clk 0:05:01]} 81. Rh2 {[%clk 0:19:56]} h4
{[%clk 0:05:06]} 82. Ke5 {[%clk 0:20:13]} 1/2-1/2

[Event "TMH"]
[Site "?"]
[Date "2021.12.19"]
[Round "3.9"]
[White "Botelho, Adelino"]
[Black "Machiavelo, Antonio"]
[Result "1/2-1/2"]
[BlackElo "1699"]
[WhiteElo "1412"]
[LiveChessVersion "1.4.8"]

1. d4 {[%clk 1:17:26]} Nf6 {[%clk 1:30:28]} 2. Nf3 {[%clk 1:17:27]} e6
{[%clk 1:27:55]} 3. Bg5 {[%clk 1:16:41]} Be7 {[%clk 1:26:43]} 4. Nbd2
{[%clk 1:06:27]} b6 {[%clk 1:26:00]} 5. e3 {[%clk 1:06:18]} Bb7 {[%clk 1:26:17]}
6. Bd3 {[%clk 1:06:29]} O-O {[%clk 1:26:33]} 7. c3 {[%clk 1:06:44]} h6
{[%clk 1:25:05]} 8. Bf4 {[%clk 1:06:18]} d5 {[%clk 1:17:50]} 9. h4
{[%clk 1:05:14]} Nbd7 {[%clk 1:16:28]} 10. Ne5 {[%clk 1:04:54]} c5
{[%clk 1:13:14]} 11. g4 {[%clk 1:03:20]} Ne4 {[%clk 1:11:02]} 12. Qf3
{[%clk 1:01:01]} Bxh4 {[%clk 1:03:58]} 13. Nxe4 {[%clk 0:59:05]} dxe4
{[%clk 1:04:00]} 14. Bxe4 {[%clk 0:59:20]} Bxe4 {[%clk 1:04:16]} 15. Qxe4
{[%clk 0:59:23]} Nf6 {[%clk 0:53:32]} 16. Qg2 {[%clk 0:57:47]} Nd5
{[%clk 0:53:52]} 17. O-O-O {[%clk 0:54:10]} Bg5 {[%clk 0:49:02]} 18. Bxg5
{[%clk 0:51:22]} Qxg5 {[%clk 0:49:23]} 19. Rh5 {[%clk 0:51:01]} Qe7
{[%clk 0:44:08]} 20. Rdh1 {[%clk 0:50:40]} Nf6 {[%clk 0:41:52]} 21. R5h4
{[%clk 0:50:21]} Nh7 {[%clk 0:41:55]} 22. f4 {[%clk 0:46:54]} Kh8
{[%clk 0:40:37]} 23. g5 {[%clk 0:46:19]} Rg8 {[%clk 0:40:59]} 24. gxh6
{[%clk 0:43:58]} g6 {[%clk 0:41:16]} 25. Rg4 {[%clk 0:41:53]} cxd4
{[%clk 0:41:28]} 26. exd4 {[%clk 0:40:12]} Rac8 {[%clk 0:40:49]} 27. Rg1
{[%clk 0:35:12]} 1/2-1/2

[Event "TMH"]
[Site "?"]
[Date "2021.12.19"]
[Round "4.6"]
[White "Sousa, Nuno"]
[Black "Fonseca, Pedro"]
[Result "1-0"]
[BlackElo "1760"]
[WhiteElo "1747"]
[LiveChessVersion "1.4.8"]

1. b3 {[%clk 1:30:55]} e5 {[%clk 1:30:59]} 2. Bb2 {[%clk 1:31:20]} Nc6
{[%clk 1:31:26]} 3. c4 {[%clk 1:31:41]} Nf6 {[%clk 1:31:22]} 4. e3
{[%clk 1:31:40]} d5 {[%clk 1:30:34]} 5. cxd5 {[%clk 1:32:06]} Nxd5
{[%clk 1:30:58]} 6. a3 {[%clk 1:32:32]} Bd6 {[%clk 1:29:13]} 7. Qc2
{[%clk 1:31:39]} a6 {[%clk 1:26:48]} 8. Nf3 {[%clk 1:31:28]} Qe7 {[%clk 1:24:14]}
9. b4 {[%clk 1:25:42]} O-O {[%clk 1:21:44]} 10. d3 {[%clk 1:25:34]} Be6
{[%clk 1:19:05]} 11. Be2 {[%clk 1:25:48]} Rad8 {[%clk 1:18:07]} 12. Nbd2
{[%clk 1:25:41]} f5 {[%clk 1:15:04]} 13. O-O {[%clk 1:24:09]} g5 {[%clk 1:09:57]}
14. Nc4 {[%clk 1:23:54]} Bc8 {[%clk 1:08:23]} 15. d4 {[%clk 1:21:52]} e4
{[%clk 1:07:16]} 16. Nfe5 {[%clk 1:21:57]} Bxe5 {[%clk 1:06:10]} 17. Nxe5
{[%clk 1:22:18]} Rf6 {[%clk 1:04:50]} 18. Bc4 {[%clk 1:19:58]} Nxe5
{[%clk 1:00:00]} 19. dxe5 {[%clk 1:18:27]} Rc6 {[%clk 0:59:18]} 20. Qb3
{[%clk 1:16:37]} Be6 {[%clk 0:59:14]} 21. Rfd1 {[%clk 1:15:05]} Nf4
{[%clk 0:54:26]} 22. Rxd8+ {[%clk 1:14:42]} Qxd8 {[%clk 0:54:54]} 23. Bxe6+
{[%clk 1:12:23]} Nxe6 {[%clk 0:55:06]} 24. Rd1 {[%clk 1:12:24]} Qe7
{[%clk 0:53:51]} 25. Bd4 {[%clk 1:08:29]} Qf7 {[%clk 0:53:56]} 26. b5
{[%clk 1:08:05]} axb5 {[%clk 0:53:03]} 27. Qxb5 {[%clk 1:08:17]} Nxd4
{[%clk 0:52:30]} 28. exd4 {[%clk 1:08:33]} Rb6 {[%clk 0:52:35]} 29. Qc5
{[%clk 1:05:48]} Qb3 {[%clk 0:52:01]} 30. Qc1 {[%clk 1:04:25]} f4
{[%clk 0:51:52]} 31. d5 {[%clk 1:04:33]} Rb5 {[%clk 0:49:49]} 32. d6
{[%clk 1:02:28]} cxd6 {[%clk 0:48:10]} 33. Qc8+ {[%clk 0:56:15]} Kg7
{[%clk 0:47:08]} 34. Qd7+ {[%clk 0:56:38]} Kg8 {[%clk 0:47:28]} 35. Qd8+
{[%clk 0:55:47]} Kf7 {[%clk 0:47:40]} 36. Qf6+ {[%clk 0:56:10]} Ke8
{[%clk 0:47:51]} 37. Qxd6 {[%clk 0:55:57]} Rb6 {[%clk 0:45:12]} 38. Qd8+
{[%clk 0:35:38]} Kf7 {[%clk 0:45:39]} 39. Rd7+ {[%clk 0:35:53]} Kg6
{[%clk 0:45:21]} 40. Qe8+ {[%clk 0:35:02]} Kf5 {[%clk 0:42:45]} 41. Rf7+
{[%clk 0:34:06]} Kg4 {[%clk 0:41:45]} 42. h3+ {[%clk 0:34:11]} Qxh3
{[%clk 0:41:43]} 43. gxh3+ {[%clk 0:34:24]} 1-0

[Event "TMH"]
[Site "?"]
[Date "2021.12.19"]
[Round "4.8"]
[White "Andrade, Ricardo"]
[Black "Botelho, Adelino"]
[Result "1-0"]
[BlackElo "1412"]
[WhiteElo "1816"]
[LiveChessVersion "1.4.8"]

1. d4 {[%clk 1:30:58]} Nf6 {[%clk 1:29:14]} 2. Nf3 {[%clk 1:31:22]} d6
{[%clk 1:29:26]} 3. c4 {[%clk 1:31:38]} Bg4 {[%clk 1:29:42]} 4. Nc3
{[%clk 1:31:48]} Nbd7 {[%clk 1:30:05]} 5. e4 {[%clk 1:31:58]} c6 {[%clk 1:30:10]}
6. Be2 {[%clk 1:31:40]} Qc7 {[%clk 1:30:27]} 7. O-O {[%clk 1:31:42]} a6
{[%clk 1:30:48]} 8. Be3 {[%clk 1:31:34]} e5 {[%clk 1:30:59]} 9. d5
{[%clk 1:31:29]} c5 {[%clk 1:30:45]} 10. Nh4 {[%clk 1:30:49]} Bxe2
{[%clk 1:30:39]} 11. Qxe2 {[%clk 1:31:14]} Be7 {[%clk 1:30:48]} 12. Nf5
{[%clk 1:31:34]} g6 {[%clk 1:27:48]} 13. Nxe7 {[%clk 1:31:25]} Kxe7
{[%clk 1:22:28]} 14. f4 {[%clk 1:31:47]} Nh5 {[%clk 1:21:20]} 15. f5
{[%clk 1:29:16]} Nhf6 {[%clk 1:14:40]} 16. fxg6 {[%clk 1:25:12]} fxg6
{[%clk 1:14:32]} 17. Bg5 {[%clk 1:23:40]} Raf8 {[%clk 1:14:31]} 18. Qg4
{[%clk 1:23:25]} h6 {[%clk 1:11:36]} 19. Qe6+ {[%clk 1:23:20]} Kd8
{[%clk 1:07:45]} 20. Bxf6+ {[%clk 1:23:44]} 1-0

[Event "TMH"]
[Site "?"]
[Date "2021.12.19"]
[Round "4.9"]
[White "Farias, David"]
[Black "Marinho, Antonio"]
[Result "1/2-1/2"]
[BlackElo "1626"]
[WhiteElo "1827"]
[LiveChessVersion "1.4.8"]

1. e4 {[%clk 1:30:58]} d5 {[%clk 1:29:49]} 2. exd5 {[%clk 1:31:02]} Qxd5
{[%clk 1:30:11]} 3. Nc3 {[%clk 1:31:08]} Qd6 {[%clk 1:30:36]} 4. d4
{[%clk 1:30:33]} Nf6 {[%clk 1:30:59]} 5. h3 {[%clk 1:28:38]} a6 {[%clk 1:31:24]}
6. Nf3 {[%clk 1:27:37]} Nbd7 {[%clk 1:30:13]} 7. Be3 {[%clk 1:14:31]} e5
{[%clk 1:30:20]} 8. dxe5 {[%clk 1:14:17]} Nxe5 {[%clk 1:30:37]} 9. Be2
{[%clk 1:12:55]} Bd7 {[%clk 1:26:37]} 10. Nxe5 {[%clk 1:05:02]} Qxe5
{[%clk 1:26:48]} 11. Bd4 {[%clk 1:04:14]} Qd6 {[%clk 1:25:31]} 12. Bf3
{[%clk 1:01:31]} O-O-O {[%clk 1:24:42]} 13. Ne2 {[%clk 0:54:57]} Bc6
{[%clk 1:24:05]} 14. Bxc6 {[%clk 0:54:13]} Qxc6 {[%clk 1:24:27]} 15. O-O
{[%clk 0:53:49]} Bc5 {[%clk 1:24:35]} 16. c3 {[%clk 0:52:01]} Rhe8
{[%clk 1:24:52]} 17. Qc2 {[%clk 0:44:37]} Bxd4 {[%clk 1:24:58]} 18. Qf5+
{[%clk 0:45:00]} Qd7 {[%clk 1:22:50]} 19. Qxd7+ {[%clk 0:44:39]} Rxd7
{[%clk 1:23:00]} 20. Nxd4 {[%clk 0:45:03]} c5 {[%clk 1:22:41]} 21. Nb3
{[%clk 0:43:51]} Re2 {[%clk 1:21:57]} 22. Rab1 {[%clk 0:41:01]} b6
{[%clk 1:19:53]} 23. Rfe1 {[%clk 0:40:14]} Rde7 {[%clk 1:19:38]} 24. Kf1
{[%clk 0:39:16]} Rxe1+ {[%clk 1:19:49]} 25. Rxe1 {[%clk 0:39:44]} Kd7
{[%clk 1:19:42]} 26. Rxe7+ {[%clk 0:34:46]} Kxe7 {[%clk 1:20:04]} 1/2-1/2

[Event "TMH"]
[Site "?"]
[Date "2021.12.19"]
[Round "4.10"]
[White "Sarabando, Rodrigo"]
[Black "Valente, Sofia"]
[Result "1-0"]
[BlackElo "1262"]
[WhiteElo "1871"]
[LiveChessVersion "1.4.8"]

1. d4 {[%clk 1:30:51]} d5 {[%clk 1:30:33]} 2. c4 {[%clk 1:31:08]} e6
{[%clk 1:30:43]} 3. Nf3 {[%clk 1:30:52]} Nf6 {[%clk 1:30:43]} 4. g3
{[%clk 1:31:15]} Be7 {[%clk 1:30:39]} 5. Bg2 {[%clk 1:31:37]} O-O
{[%clk 1:30:10]} 6. O-O {[%clk 1:31:59]} dxc4 {[%clk 1:30:15]} 7. Ne5
{[%clk 1:32:23]} Nc6 {[%clk 1:30:12]} 8. Nxc6 {[%clk 1:32:13]} bxc6
{[%clk 1:30:16]} 9. Na3 {[%clk 1:32:38]} Bxa3 {[%clk 1:30:30]} 10. bxa3
{[%clk 1:33:02]} Ba6 {[%clk 1:30:01]} 11. a4 {[%clk 1:32:13]} Rb8
{[%clk 1:25:22]} 12. Ba3 {[%clk 1:31:51]} Re8 {[%clk 1:25:22]} 13. Bxc6
{[%clk 1:32:08]} Nd7 {[%clk 1:25:35]} 14. Qc2 {[%clk 1:30:41]} Rb6
{[%clk 1:22:07]} 15. Bf3 {[%clk 1:31:02]} Qg5 {[%clk 1:19:46]} 16. h4
{[%clk 1:30:24]} Qa5 {[%clk 1:17:16]} 17. Rfd1 {[%clk 1:29:10]} Qf5
{[%clk 1:13:24]} 18. Be4 {[%clk 1:27:57]} Qh5 {[%clk 1:12:03]} 19. Kg2
{[%clk 1:27:27]} f5 {[%clk 1:08:42]} 20. Bf3 {[%clk 1:27:13]} Qf7
{[%clk 1:06:37]} 21. Rab1 {[%clk 1:19:54]} Rbb8 {[%clk 1:04:28]} 22. Qc3
{[%clk 1:19:45]} Nb6 {[%clk 1:03:46]} 23. Qa5 {[%clk 1:16:21]} Bb7
{[%clk 1:03:04]} 24. Bxb7 {[%clk 1:16:08]} Rxb7 {[%clk 1:03:25]} 25. Qa6
{[%clk 1:16:32]} Rbb8 {[%clk 1:02:41]} 26. a5 {[%clk 1:16:50]} Nd5
{[%clk 1:02:09]} 27. Qxc4 {[%clk 1:16:30]} f4 {[%clk 1:01:32]} 28. Qd3
{[%clk 1:15:17]} Rbd8 {[%clk 0:54:49]} 29. e4 {[%clk 1:12:43]} f3+
{[%clk 0:53:27]} 30. Kh2 {[%clk 1:10:41]} Ne7 {[%clk 0:51:26]} 31. Rb3
{[%clk 1:09:30]} Nc6 {[%clk 0:51:10]} 32. Qe3 {[%clk 1:07:40]} Nxa5
{[%clk 0:50:25]} 33. Rc3 {[%clk 1:07:52]} e5 {[%clk 0:50:02]} 34. d5
{[%clk 1:07:07]} c6 {[%clk 0:48:18]} 35. Rc5 {[%clk 1:06:52]} Qc7
{[%clk 0:48:16]} 36. Qc3 {[%clk 1:07:10]} Nb7 {[%clk 0:47:42]} 37. Rxc6
{[%clk 1:07:34]} Qa5 {[%clk 0:47:37]} 38. Rc1 {[%clk 1:04:19]} Qxc3
{[%clk 0:47:26]} 39. R1xc3 {[%clk 1:04:46]} Rb8 {[%clk 0:45:31]} 40. Rc7
{[%clk 1:03:38]} Red8 {[%clk 0:44:34]} 41. Rxf3 {[%clk 1:03:04]} Nd6
{[%clk 0:44:40]} 42. Bxd6 {[%clk 1:03:13]} Rxd6 {[%clk 0:45:04]} 43. Rff7
{[%clk 1:03:38]} Rg6 {[%clk 0:44:48]} 44. Rxa7 {[%clk 1:04:01]} h6
{[%clk 0:44:01]} 45. Rfe7 {[%clk 1:04:23]} 1-0

[Event "TMH"]
[Site "?"]
[Date "2021.12.20"]
[Round "5.6"]
[White "Valente, Sofia"]
[Black "Sousa, Nuno"]
[Result "1-0"]
[BlackElo "1747"]
[WhiteElo "1262"]
[LiveChessVersion "1.4.8"]

1. d4 {[%clk 1:30:42]} Nf6 {[%clk 1:30:53]} 2. c4 {[%clk 1:30:29]} g6
{[%clk 1:31:16]} 3. Nc3 {[%clk 1:29:04]} Bg7 {[%clk 1:31:39]} 4. Nf3
{[%clk 1:28:16]} O-O {[%clk 1:31:58]} 5. e4 {[%clk 1:27:47]} d6 {[%clk 1:32:22]}
6. Be2 {[%clk 1:26:33]} e5 {[%clk 1:31:19]} 7. O-O {[%clk 1:25:40]} Nc6
{[%clk 1:27:04]} 8. d5 {[%clk 1:25:56]} Ne7 {[%clk 1:27:27]} 9. Ne1
{[%clk 1:26:09]} Nd7 {[%clk 1:24:10]} 10. Be3 {[%clk 1:25:49]} f5
{[%clk 1:24:25]} 11. f3 {[%clk 1:25:21]} f4 {[%clk 1:17:00]} 12. Bf2
{[%clk 1:23:05]} g5 {[%clk 1:17:06]} 13. Nd3 {[%clk 1:19:30]} h5 {[%clk 1:16:46]}
14. Rc1 {[%clk 1:15:39]} Nf6 {[%clk 1:16:53]} 15. c5 {[%clk 1:14:40]} Ng6
{[%clk 1:16:26]} 16. cxd6 {[%clk 1:14:17]} cxd6 {[%clk 1:16:48]} 17. Nb5
{[%clk 1:13:56]} g4 {[%clk 1:16:34]} 18. Nc7 {[%clk 1:13:25]} g3 {[%clk 1:06:27]}
19. Nxa8 {[%clk 0:57:07]} gxf2+ {[%clk 1:04:40]} 20. Rxf2 {[%clk 0:54:57]} Ne8
{[%clk 1:04:04]} 21. Qc2 {[%clk 0:54:06]} Rf7 {[%clk 1:03:52]} 22. Qxc8
{[%clk 0:51:02]} 1-0

[Event "TMH"]
[Site "?"]
[Date "2021.12.20"]
[Round "5.7"]
[White "Marinho, Antonio"]
[Black "Sarabando, Rodrigo"]
[Result "1-0"]
[BlackElo "1871"]
[WhiteElo "1626"]
[LiveChessVersion "1.4.8"]

1. d4 Nf6 2. c4 g6 3. Nc3 Bg7 4. e4 d6 5. Nf3 O-O 6. Be2 e5 7. O-O Nc6 8. d5 Ne7
9. Ne1 Nd7 10. Be3 f5 11. f3 f4 12. Bf2 g5 13. Rc1 Rf6 14. c5 Nxc5 15. b4 Na6 16.
Qb3 Rh6 17. Nb5 Bd7 18. Nxa7 Qe8 19. Nc6 bxc6 20. dxc6+ Be6 21. Bc4 Bxc4 22.
Qxc4+ Qf7 23. Qb5 Qe8 24. Rc3 Qb8 25. Qb7 Nxb4 26. Ra3 Qxb7 27. cxb7 Rf8 28. Ra8
Nbc6 29. Rxf8+ Kxf8 30. Ba7 Ke8 31. Nd3 Kd7 32. Rd1 Nc8 33. Nc5+ Kd8 34. b8=Q
Nxb8 35. Bxb8 c6 36. a4 Bf8 37. a5 Ke8 38. Nb7 Kd7 39. a6 Nb6 40. a7 Na8 41. h3
Rg6 42. Kf1 h5 43. Ke2 Nb6 44. Rb1 Na8 45. Na5 g4 46. Rb7+ Kc8 47. Rf7 gxf3+ 48.
Kxf3 Bh6 49. Nxc6 Rg3+ 50. Kf2 Rd3 51. Rh7 Rd2+ 52. Kg1 Bf8 53. Rh8 Kd7 54. Nxe5+
dxe5 55. Rxf8 Rd1+ 56. Kh2 Nb6 57. Bxe5 f3 58. gxf3 h4 59. a8=Q Nxa8 60. Rxa8
Rd2+ 61. Kg1 Ke6 62. Bf4 Rd1+ 63. Kg2 Rb1 64. Rh8 Rb2+ 65. Kf1 Rb3 66. Ke2 Rb2+
67. Bd2 Rb1 68. Rxh4 Ke5 69. Rh5+ Ke6 70. Ke3 Rb3+ 71. Kf4 Kf6 72. Rh6+ Kg7 73.
Ra6 Rb5 74. e5 Rd5 75. Be3 Rd3 76. Ke4 Rb3 77. f4 Kf7 78. h4 Rb8 79. Kf5 Kg7 80.
Kg5 Rb3 81. Ra7+ Kf8 82. Kf6 Ke8 83. e6 Rb8 84. Rh7 Kd8 85. Rh8+ Kc7 86. Bb6+
Rxb6 87. f5 Ra6 88. Kf7 Kd6 89. Rd8+ Ke5 90. e7 Ra7 91. Kf8 Kxf5 92. e8=Q Rh7 93.
Rd5+ Kf4 94. Qe5+ Kg4 95. Rd4+ Kf3 96. Qe4+ Kf2 97. Qf4+ Ke1 98. Qd2+ Kf1 99.
Rf4+ Kg1 100. Qe3+ Kh1 101. Qh3+ Kg1 102. Rf1# 1-0